000 00678cam a2200253 4500
001
008 000000n2001 000 0 eng u
020 _a1854827302
035 _a(Sirsi) u116739
041 _aeng
050 _a692.5
_c18
110 _aScottish Agricultural College
_93388
245 _aFarm building cost guide 2001/02
250 _a27th ed.
260 _aAberdeen
_bSAC
_c2001
300 _a95p.
_bill.
_c30cm.
350 _a£22
520 _aNext edition due out late 2004
650 _aBUILT ENVIRONMENT-BUILDING COSTS
650 _aFARM BUILDINGS
650 _aBUILDING PRICE BOOKS
690 _aBUILT ENVIRONMENT-BUILDING COSTS
942 _n0
999 _c101890
_d101890